000 00305nam a22001337a 4500
008 181018b xxu||||| |||| 00| 0 eng d
020 _a0132161923
041 _aeng
080 _a159.9
100 _a49
101 _aPSI
245 _aDisordered Though in Schizophrenia
_cChapman, L.J
942 _2udc
_cBK
999 _c50167
_d50167